书目信息 |
| 题名: |
拓扑空间概论
|
|
| 作者: | 关肇直 编著 | |
| 分册: | ||
| 出版信息: | 北京 科学出版社 1958.09 |
|
| 页数: | 302页 | |
| 开本: | 20cm | |
| 丛书名: | ||
| 单 册: | ||
| 中图分类: | O189.11 | |
| 科图分类: | ||
| 主题词: | 几何 , 拓扑 | |
| 电子资源: | ||
| ISBN: | ||
| 000 | 00546nam0 2200205 450 | |
| 001 | 0658716781 | |
| 005 | 20060808161953.39 | |
| 010 | @dCNY1.80 | |
| 100 | @a20060808d1958 km y0chiy0120 ea | |
| 101 | 0 | @achi |
| 102 | @aCN@b110000 | |
| 200 | 1 | @a拓扑空间概论@Atuo pu kong jian gai lun@f关肇直编著@Fguan zhao zhi bian zhu |
| 210 | @a北京@c科学出版社@d1958.09 | |
| 215 | @a302页@d20cm | |
| 606 | 0 | @a几何 |
| 606 | 0 | @a拓扑 |
| 690 | @aO189.11@v3 | |
| 701 | 0 | @a关肇直@Aguan zhao zhi@4编著 |
| 801 | 0 | @aCN@bPFT@c20060808 |
| 905 | @a10447@dO189.11@e40 | |
| 拓扑空间概论/关肇直编著.-北京:科学出版社,1958.09 |
| 302页;20cm |
| ISBN :CNY1.80 |
| ● |
| 相关链接 |
|
|
|
|
正题名:拓扑空间概论
索取号:O189.11/40
 
预约/预借
| 序号 | 登录号 | 条形码 | 馆藏地/架位号 | 状态 | 备注 |
| 1 | 0449901 | 204499015 | 密集书库/ [索取号:O189.11/40] | 在馆 |